বাংলাদেশ : ভৌগলিক পরিচয় / (Record no. 4545)
[ view plain ]
| 000 -LEADER | |
|---|---|
| fixed length control field | 00709nam a2200217 a 4500 |
| 001 - CONTROL NUMBER | |
| JCCL Control Number | 4545 |
| 003 - CONTROL NUMBER IDENTIFIER | |
| JCCL marc code | BD-JhCC |
| 005 - DATE AND TIME OF LATEST TRANSACTION | |
| control field | 20171129182642.0 |
| 008 - FIXED-LENGTH DATA ELEMENTS--GENERAL INFORMATION | |
| fixed length control field | 171128s1974 bg b|||| |||| 000 0 ben d |
| 035 ## - SYSTEM CONTROL NUMBER | |
| system control number | (BD-JhCC) 4545 |
| 040 ## - CATALOGING SOURCE | |
| Original cataloging agency | BD-JhCC |
| Modifying agency | BD-JhCC |
| 041 ## - LANGUAGE CODE | |
| Language code of Book | ben |
| 082 ## - DEWEY DECIMAL CLASSIFICATION NUMBER | |
| Classification number | 954.92 |
| Author mark and Year | RAS 1974 |
| 100 ## - MAIN ENTRY--PERSONAL NAME | |
| Personal name | রশীদ, সাজ্জাদুর |
| 245 ## - TITLE STATEMENT | |
| Title | বাংলাদেশ : ভৌগলিক পরিচয় / |
| Statement of responsibility, etc | সাজ্জাদুর রশীদ |
| 260 ## - PUBLICATION, DISTRIBUTION, ETC. (IMPRINT) | |
| Place of publication, distribution, etc | ঢকা : |
| Name of publisher, distributor, etc | নগর গবেষণা কেন্দ্র, |
| Date of publication, distribution, etc | ১৯৭২. |
| 300 ## - PHYSICAL DESCRIPTION | |
| Pagination | ৪৭ পৃ. : |
| Dimensions | ২২ সেমি. |
| 650 ## - SUBJECT ADDED ENTRY--TOPICAL TERM | |
| Topical term or geographic name as entry element | Geography |
| Geographic subdivision | Bangladesh |
| 942 ## - ADDED ENTRY ELEMENTS (KOHA) | |
| Source of classification or shelving scheme | Dewey Decimal Classification |
| Koha item type | Books |
| Source of classification or shelving scheme | Damaged status | Not for loan | Home library | Current library | Shelving location | Date of accession | Cost, normal purchase price | Total Checkouts | Full call number | Barcode | Date last seen | Copy number | Koha item type | Method of acquisition | Currency |
|---|---|---|---|---|---|---|---|---|---|---|---|---|---|---|---|
| Dewey Decimal Classification | JCC Rouf Library | JCC Rouf Library | General Stacks | 11/28/2017 | 5.00 | 954.92 RAS 1974 | 6528 | 11/28/2017 | C- 1 | Books | |||||
| Dewey Decimal Classification | JCC Rouf Library | JCC Rouf Library | General Stacks | 11/28/2017 | 5.00 | 954.92 RAS 1974 | 6576 | 11/28/2017 | C- 2 | Books | |||||
| Dewey Decimal Classification | JCC Rouf Library | JCC Rouf Library | General Stacks | 11/28/2017 | 5.00 | 954.92 RAS 1974 | 6412 | 11/28/2017 | C- 3 | Books | Purchase | ||||
| Dewey Decimal Classification | JCC Rouf Library | JCC Rouf Library | General Stacks | 11/29/2017 | 954.92 RAS 1974 | 6549 | 11/29/2017 | C- 4 | Books | ||||||
| Dewey Decimal Classification | JCC Rouf Library | JCC Rouf Library | General Stacks | 11/29/2017 | 954.92 RAS 1974 | 6514 | 11/29/2017 | C-5 | Books |